00911nam a22002177a 450000500170000001000150001702000260003203500140005803700130007208200130008510000190009824501460011726000440026327000800030730000850038750000680047265000440054065000460058465000470063070000160067720150817111930.0 aENG-113550 c399.00a9789350099889 aEN- 97082 bDBAD/PUB a303.4833 aJeffrey, Robin aCell phone nation :cby Robin Jeffrey [and] Assa Doronbhow mobiie phones have revolutionized business, politics and ordinary life in India / aGurgaonbHachette Book Publishingc2013 a4th & 5th Floors, Corporate Center, Plot No. 94, Sector 44bGurgaone122003 axxxiv,293p., 24 unnumbered pages of plates :c23cm(pbk)b ill. (some col.), maps a Includes bibliographical references (pages 265-280) and index. a Cell phones xSocial aspects z India. a Cell phones xEconomic aspects z India. a Cell phones xPolitical aspects z India. aDoron, Assa